000 00561nam a2200193Ia 4500
999 _c22917
_d22917
003 OSt
005 20201123121942.0
008 190216s9999||||xx |||||||||||||| ||und||
020 _a9788182711006
040 _coclc
082 _a920
_bMEN/M
100 _aMenon, M P S
_96846
245 0 _aMalabar Samaram:
_bM P Narayana Menonum Sahapravarthakarum /
_cM P S Menon
250 _a2nd ed.
260 _bIslamic Publishing House,
_c2005.
_aKozhikode:
300 _a235p
650 _x History
942 _cBK
_2ddc
_h920
_iMEN/M
_k920
_mMEN/M